| 000 | 00975cam a22002894a 4500 | ||
|---|---|---|---|
| 001 | 14291537 | ||
| 005 | 20161009143348.0 | ||
| 008 | 060308s2010 iaua r 001 0 eng | ||
| 010 | _a 2006008102 | ||
| 020 | _a1259007936 | ||
| 020 | _a9781259007934 | ||
| 082 | 0 | 0 |
_a620.1054 _222 _bVEC |
| 100 | 1 |
_aBeer, Ferdinand P. _q(Ferdinand Pierre), _d1915-2003 _912477 |
|
| 245 | 0 | 0 |
_aVector Mechanics for Engineers : _bDynamics / _cFerdinand P Beer; E Russell Johnston Jr; Phillip J Cornwell |
| 250 | _a10th ed. | ||
| 260 |
_aDubuque, IA : _bMcGraw-Hill/Higher Education, _cc2013. |
||
| 300 |
_axxx, 1314 p. ; (various pagings): _bcol. ill. ; _c27 cm. |
||
| 500 | _aIncludes index. | ||
| 650 | 0 |
_aDynamics. _931064 _2BUEsh |
|
| 650 | 0 |
_aMechanics, Applied. _931066 _2BUEsh |
|
| 651 | _2BUEsh | ||
| 653 | _cOctober2013 | ||
| 650 | 0 |
_931065 _aVector analysis _2BUEsh |
|
| 700 | 1 |
_aCornwell, Phillip J. _d1915- _934243 |
|
| 700 | 1 |
_aJohnston, E. Russell _934242 |
|
| 942 |
_2ddc _cNB |
||
| 999 |
_c17559 _d17531 |
||